| 000 | 003520000a22001090004500 | ||
|---|---|---|---|
| 090 |
_aAS _bSeriadas |
||
| 245 | 1 | 0 | _aDistribución del género Gallinago brisson 1760 (<aves: Scolopacidae>) en los Andes Orientales de Colombia |
| 041 | 0 | _aEspañol | |
| 100 | 1 |
_aArango, Gonzalo _910165 |
|
| 942 | _cARTICULO | ||
| 773 | 1 |
_tCaldasia _345 _h71-75 _q669-706 _d1986 _g15 |
|
| 999 |
_c14354 _d14354 |
||